| 000 | 00888nac a22002777a 4500 | ||
|---|---|---|---|
| 001 | BR7907270 | ||
| 003 | BR-BrBNA | ||
| 005 | 20240105114534.0 | ||
| 008 | 230509b bl.|||m| |||| 00| 0 por d | ||
| 040 |
_aBR-BrBNA _bpor _cBiblioteca Nacional de Agricultura |
||
| 072 | _aC00 | ||
| 090 | _aC00 BR7907270 | ||
| 110 | 1 |
_aUniversidade Federal de Santa Maria, RS (Brasil) _99701 |
|
| 245 | 1 | _aRelatorio de 1978 [Universidade Federal de Santa Maria, Rio Grande do Sul, Brasil] | |
| 260 | 3 |
_aSanta Maria, RS (Brasil): _c1979. |
|
| 300 | _a231 p. | ||
| 490 |
_aRelatorio - Universidade Federal de Santa Maria (Brazil) _v _x |
||
| 650 | _aENSINO SUPERIOR | ||
| 650 | _aCURSO | ||
| 650 | _aUNIVERSIDADE FEDERAL | ||
| 650 | _aPROGRAMA EDUCACIONAL | ||
| 650 | _aSANTA MARIA | ||
| 650 | _aRIO GRANDE DO SUL | ||
| 909 |
_a202312 _bLúcia Elande _c55 _dLúcia Elande |
||
| 942 |
_2AGRIS _n0 _cMS |
||
| 999 |
_c269921 _d269921 |
||